Southville International School and Colleges
Your cart is empty.
  • Cart
  • Lists
    Public lists Eva Luna New books Lux_list list_1
    Your lists Log in to create your own lists
  • Log in to your account
  • Your cookies
  • Search history
Southville International School and Colleges
  • Advanced search
  • Recent comments
  • Most popular
  • Libraries

Log in to your account

Log in with GOOGLE


If you do not have an external account, but do have a local account, you can still log in:

  1. Home
  2. MARC view: Bruce Coville's book of ghosts tales to haunt you /
Normal view MARC view ISBD view

Bruce Coville's book of ghosts tales to haunt you / (Record no. 12365)

[ view plain ]
MARC details
000 -LEADER
fixed length control field 00557nam a22001937a 4500
003 - CONTROL NUMBER IDENTIFIER
control field OSt
005 - DATE AND TIME OF LATEST TRANSACTION
control field 20140310182351.0
008 - FIXED-LENGTH DATA ELEMENTS--GENERAL INFORMATION
fixed length control field 130930t xxu||||| |||| 00| 0 eng d
020 ## - INTERNATIONAL STANDARD BOOK NUMBER
International Standard Book Number 0590461605
050 ## - LIBRARY OF CONGRESS CALL NUMBER
Classification number PZ 7
Item number .C873 1994
082 ## - DEWEY DECIMAL CLASSIFICATION NUMBER
Classification number GS 808.8
Item number C83 1994
100 ## - MAIN ENTRY--PERSONAL NAME
Personal name Coville, Bruce
9 (RLIN) 4824
245 ## - TITLE STATEMENT
Title Bruce Coville's book of ghosts tales to haunt you /
Statement of responsibility, etc Bruce Coville
260 ## - PUBLICATION, DISTRIBUTION, ETC. (IMPRINT)
Place of publication, distribution, etc New York :
Name of publisher, distributor, etc Scholastic Inc,
Date of publication, distribution, etc 1994
300 ## - PHYSICAL DESCRIPTION
Extent 180 p. :
Other physical details ill. ;
Dimensions 20 cm.
650 ## - SUBJECT ADDED ENTRY--TOPICAL TERM
Topical term or geographic name as entry element Fiction
General subdivision Ghosts Stories
9 (RLIN) 22174
942 ## - ADDED ENTRY ELEMENTS (KOHA)
Source of classification or shelving scheme Library of Congress Classification
Koha item type
Holdings
Withdrawn status Lost status Source of classification or shelving scheme Damaged status Home library Current library Shelving location Date acquired Total Checkouts Full call number Barcode Date last seen Copy number Price effective from Koha item type
    Library of Congress Classification   Luxembourg Library Luxembourg Library Grade School Section 09/30/2013   PZ 7 .C873 1994 10295 05/25/2015 1 09/30/2013 Books

Bruce Coville's book of ghosts tales to haunt you /

APA

Coville B., . (1994). Bruce Coville's book of ghosts tales to haunt you. New York: Scholastic Inc.

Chicago

Coville Bruce, . 1994. Bruce Coville's book of ghosts tales to haunt you. New York: Scholastic Inc.

Harvard

Coville B., . (1994). Bruce Coville's book of ghosts tales to haunt you. New York: Scholastic Inc.

MLA

Coville Bruce, . Bruce Coville's book of ghosts tales to haunt you. New York: Scholastic Inc. 1994.

  • Place hold
  • Print
  • Cite
  • Add to your cart (remove)
  • Save record
    BIBTEX Dublin Core MARCXML MARC (non-Unicode/MARC-8) MARC (Unicode/UTF-8) MARC (Unicode/UTF-8, Standard) MODS (XML) RIS
  • More searches
    Search for this title in:
    Other Libraries (WorldCat) Other Databases (Google Scholar) Online Stores (Bookfinder.com) Open Library (openlibrary.org)

Exporting to Dublin Core...

SOUTHVILLE LIBRARY

Southville International School and Colleges Library

1281 Tropical Ave. Cor. Luxembourg St., BF Homes International, Las Pinas City

Tel. No. 8256374 / 252358 Loc. 117/146

Powered by Koha